| 000 | 00654nam a22002177a 4500 | ||
|---|---|---|---|
| 005 | 20170124110214.0 | ||
| 010 | _aB-080025 | ||
| 020 |
_c150.00 _a8171241039 |
||
| 035 | _aB-080025 | ||
| 037 | _bCen Lib/ Ret | ||
| 040 |
_aDPL _bEN |
||
| 082 |
_a613.7 _bKIR |
||
| 100 |
_aKirtani, Reema _925751 |
||
| 245 |
_aPhysical fitnees for health / _cby reema Kirtani |
||
| 260 |
_aNew Delhi _bKhel Sahitya Kendra _c2003 |
||
| 270 |
_bNew Delhi _a4264/3, ansari road, dariya ganj _e110002 |
||
| 300 |
_a154p. _c17cm(Hb) |
||
| 650 |
_aPhysical education _922886 |
||
| 650 |
_aPhysical fitness _919224 |
||
| 942 |
_2ddc _cEN _h613.7 _mKIR |
||
| 999 |
_c133698 _d133698 |
||